Easy General Knowledge Trivia #2 - Statistics

General Stats
  • This quiz has been taken 1,151 times
  • The average score is 10 of 15
Answer Stats
Hint Answer % Correct
How many wings does a butterfly have? 4
99%
What is the name of the technology company Bill Gates founded in 1975? Microsoft
93%
What is the chemical formula for water? H2O
91%
What is the most populous state in the USA? California
85%
What is the second largest country in the world by area? Canada
85%
What mode of transport is a Boeing 747? Airplane
81%
Which country has won the all-time most Olympic medals? USA
78%
What is the name of the Christian Messiah? Jesus
75%
What West African virus disease caused an epidemic in 2014? Ebola
71%
What political ideology was behind Joseph Stalin's Russia? Communism
69%
What is the capital of Australia? Canberra
68%
Who wrote "On the Origin of Species"? Charles Darwin
59%
In Tolkien’s ‘The Hobbit’, what type of fictional creature is Smaug? Dragon
39%
What was the name of the organization that fought for women's votes in the early 20th century? Suffragettes
26%
What is the term given to someone who is afraid of heights? Acrophobia
18%
No matching quizzes found
Score Distribution
Percent of People with Each Score
Percentile by Number Answered
Your Score History
You have not taken this quiz